| 000 | 00000nam##2200000za#4500 |
| 001 | 9.581542 |
| 003 | CaOODSP |
| 005 | 20251031142446 |
| 007 | cr ||||||||||| |
| 008 | 150406|2014||||xxc|||||o f|0| 0 eng|d |
| 040 | |aCaOODSP|beng |
| 043 | |an-cn--- |
| 086 | 1 |aM183-2/7616E-PDF |
| 110 | 2 |aGeological Survey of Canada. |
| 245 | 10|aLate Glacial and Holocene sedimentation and investigation of fiord tsunami potential in lower Howe Sound, British Columbia / |h[electronic resource]|c[by] L.E. Jackson Jr., A. Blais-Stevens, R.L. Hermanns, D.P. van Zeyl, D. Stead, C.E. Jermyn, J.V. Barrie, W.K. Conway, and R. Hetherington. |
| 260 | |aOttawa - Ontario : |bNatural Resources Canada. |c2014. |
| 300 | |a34p.|bcoloured figs., figs., graphs, references |
| 490 | 1 |aOpen file (Geological Survey of Canada)|v7616 |
| 590 | |a15-10|b2015-03-06 |
| 830 | #0|aOpen file (Geological Survey of Canada)|v7616|w(CaOODSP)9.506878 |
| 856 | 40|ahttp://publications.gc.ca|qPDF|s2.45 MB|uhttps://publications.gc.ca/collections/collection_2015/rncan-nrcan/M183-2-7616-eng.pdf|y7616 |